Crisis econm̤ica y reforma de las Administraciones pb︢licas Un estudio comparado /

Detalles Bibliográficos
Autor principal: Vidal Prado, Carlos
Otros Autores: Delgado, David
Formato: eBook
Lenguaje:español
Publicado: Madrid: Instituto Nacional de Administracin̤ Pb︢lica (INAP), 2017
Materias:
Acceso en línea:Acceso restringido

MARC

LEADER 00000nam a22000007a 4500
005 20180330231823.0
007 cr|||| ||||
008 180330s2017 es |||||s|||| 00||0 spa d
020 |a 978-84-7351-601-3 
035 |a 21268 
040 |a vLex 
090 |c 7603  |d 7603 
100 1 |a Vidal Prado, Carlos 
245 1 0 |a Crisis econm̤ica y reforma de las Administraciones pb︢licas  |h [Recurso electrn̤ico] :  |b Un estudio comparado /  |c Carlos Vidal Prado, David Delgado 
256 |a Servicio en ln̕ea 
260 |a Madrid:  |b Instituto Nacional de Administracin̤ Pb︢lica (INAP),  |c 2017 
300 |a 1 recurso electrn̤ico 
500 |a El objetivo principal de este libro, en el que colaboran investigadores y profesores de varios pas̕es, es abordar cul̀es han sido las medidas de reforma de la Administracin̤ e institucionales y analizar su verdadera eficacia y acierto. Se trata, por tanto, de estudiar lo que se ha venido denominando la ±legislacin̤ de la crisis» que, con un objetivo primario de resolucin̤ de los desequilibrios macroeconm̤icos, tom ̤como referentes dos vectores, la estabilidad presupuestaria y la sostenibilidad financiera que, en algunos pas̕es, como en el caso de Espaą, cobrara̕n carta de naturaleza con su inclusin̤ en la Constitucin̤. Junto con las medidas especf̕icas de contencin̤ del gasto, tanto de modo directo (disminuyendo la inversin̤ pb︢lica en determinados sectores) como indirecto (a travš, por ejemplo, de la reduccin̤ de empleados pb︢licos), se ha cuestionado por muchos el tamaǫ de la Administracin̤ pb︢lica, tanto a nivel estatal como regional (o autonm̤ico) y local. En alguno de los pas̕es que han sufrido con ms̀ fuerza la crisis econm̤ica se han ido tomando una serie de medidas encaminadas, supuestamente, a reducir el tamaǫ de la Administracin̤ y hacerla ms̀ eficaz. 
506 1 |a Disponible solo en los productos indicados  |d vLex Global  |d vLex Global (Academic Edition, excluding Law Schools)  |d vLex Global (U.S. Academic Edition, Law Schools)  |d vLex Global (U.S. Academic Edition, excluding Law Schools)  |d vLex Global (Academic Edition, Law Schools) 
650 0 4 |a Derecho Pb︢lico y Administrativo  |z Espaą 
700 1 |a Delgado, David 
740 0 |a vLex Libros (Servicio en ln̕ea) 
856 4 0 |u http://vlex.com/source/crisis-economica-y-reforma-de-las-administraciones-publicas-un-estudio-comparado-21268  |z Acceso restringido 
942 |c BOOK 
999 0 |a Public and Administrative Law